Państwa produkujące najwięcej marchwi - Statystyki

Ogólne statystyki
  • Ten quiz został rozwiązany 37 razy
  • Średni wynik to 16 z 20
Statystyki odpowiedzi
Produkcja (tony) Państwo % Poprawnych
791 110 Niemcy
100%
21 482 971 Chiny
97%
534 240 Francja
97%
2 259 000 Stany Zjednoczone
97%
575 630 Indie
94%
678 300 Polska
94%
384 300 Hiszpania
91%
1 558 866 Rosja
91%
492 220 Włochy
88%
588 362 Japonia
85%
869 450 Ukraina
85%
666 270 Turcja
82%
824 731 Wielka Brytania
82%
698 880 Indonezja
74%
615 830 Holandia
71%
504 425 Pakistan
62%
604 258 Kazachstan
56%
419 534 Algieria
47%
412 219 Maroko
41%
2 769 613 Uzbekistan
35%
Nie znaleziono quizów pasujących do podanych kryteriów
Rozkład punktacji
Procent ludzi z każdym wynikiem
Percentyl według liczby udzielonych odpowiedzi
Twoja historia wyników
Nie rozwiązałeś tego quizu